[Event "Ille et Vilaine-ch 1112"]
[Site "Ile et Vilaine"]
[Date "2011.10.08"]
[Round "1.4"]
[White "Dupitier, Mickael"]
[Black "Aubry, Pascal"]
[Result "1-0"]
[WhiteElo "1829"]
[BlackElo "1561"]
[PlyCount "53"]
[EventDate "2012.10.??"]
[EventType "swiss"]
[EventRounds "7"]
[EventCountry "FRA"]
[SourceTitle "EXT 2014"]
[Source "ChessBase"]
[SourceDate "2013.11.20"]
[SourceVersion "1"]
[SourceVersionDate "2013.11.20"]
[SourceQuality "1"]

1. d4 e6 2. Nf3 Nf6 3. e3 d5 4. Bd3 Nbd7 5. Nbd2 c5 6. c3 Qc7 7. 0-0 c4 8. Bc2 Bd6 9. Qe2 Ng4 10. h3 h5 11. e4 dxe4 12. Nxe4 b5 13. Nxd6+ Qxd6 14. Qe4 Nb6 15. hxg4 Nd5 16. gxh5 Bb7 17. Qe5 Qe7 18. Qxg7 0-0-0 19. Bg5 Rdg8 20. Qxg8+ Rxg8 21. Bxe7 Nxe7 22. Nh4 Rg5 23. g3 Rxh5 24. Rfe1 Ng6 25. Bxg6 fxg6 26. Rxe6 g5 27. Re5 1-0

[Event "Ile et Vilaine op"]
[Site "Rennes"]
[Date "2011.06.12"]
[Round "3"]
[White "Perez, Javier"]
[Black "Dupitier, Mickael"]
[Result "1/2-1/2"]
[WhiteElo "1870"]
[BlackElo "1853"]
[PlyCount "79"]
[EventDate "2011.06.11"]
[EventType "swiss"]
[EventRounds "7"]
[EventCountry "FRA"]
[SourceTitle "EXT 2012"]
[Source "ChessBase"]
[SourceDate "2011.11.24"]
[SourceVersion "1"]
[SourceVersionDate "2011.11.24"]
[SourceQuality "1"]

1. d4 Nf6 2. c4 g6 3. Nc3 Bg7 4. e4 d6 5. Be3 0-0 6. Nge2 e5 7. dxe5 dxe5 8. Qxd8 Rxd8 9. Nd5 Nxd5 10. cxd5 c6 11. Nc3 b6 12. Bc4 h6 13. Rd1 Bb7 14. 0-0 cxd5 15. Nxd5 Nc6 16. f4 Na5 17. Ne7+ Kf8 18. Nxg6+ fxg6 19. fxe5+ Ke8 20. Bf7+ Ke7 21. Bd2 Rxd2 22. Rxd2 Bxe4 23. e6 Rd8 24. Rxd8 Kxd8 25. Rd1+ Ke7 26. Rd7+ Kf8 27. Rxa7 Bxb2 28. Rd7 Nc6 29. Rc7 Ne5 30. Rc8+ Ke7 31. Re8+ Kf6 32. Bg8 Bd3 33. Rd8 Ba3 34. Bf7 Bc5+ 35. Kh1 Bb5 36. Ra8 Nxf7 37. exf7 Kxf7 38. Ra7+ Kf6 39. a4 Bd3 40. Rc7 1/2-1/2

[Event "Rennes op 2nd"]
[Site "Rennes"]
[Date "2009.07.23"]
[Round "9"]
[White "Dupitier, Mickael"]
[Black "Delpit, Wilfried"]
[Result "1-0"]
[WhiteElo "1864"]
[BlackElo "1664"]
[PlyCount "69"]
[EventDate "2009.07.15"]
[EventType "swiss"]
[EventRounds "9"]
[EventCountry "FRA"]
[SourceTitle "EXT 2011"]
[Source "ChessBase"]
[SourceDate "2010.11.26"]
[SourceVersion "1"]
[SourceVersionDate "2010.11.26"]
[SourceQuality "1"]

1. d4 Nf6 2. Nf3 e6 3. e3 b6 4. Bd3 Bb7 5. 0-0 Be7 6. c4 c5 7. Nc3 0-0 8. a3 d5 9. cxd5 Nxd5 10. Qe2 Nxc3 11. bxc3 Nd7 12. e4 Nf6 13. Bb2 Qc7 14. Nd2 Rfd8 15. f4 Bf8 16. Rf3 g6 17. Raf1 Bg7 18. R3f2 cxd4 19. cxd4 Rac8 20. f5 exf5 21. exf5 Re8 22. Qd1 Rf8 23. fxg6 fxg6 24. Nf3 Ng4 25. Rc2 Qd6 26. Rxc8 Bxf3 27. Bc4+ Kh8 28. Rxf8+ Bxf8 29. d5+ Kg8 30. Rxf3 Qxh2+ 31. Kf1 Qh1+ 32. Ke2 Qxg2+ 33. Kd3 Nf2+ 34. Rxf2 Qxf2 35. d6+ 1-0

[Event "FRA-chT3 Gr06 0607"]
[Site "France"]
[Date "2006.11.25"]
[Round "2.5"]
[White "Dupitier, Mickael"]
[Black "Leroy, Olivier"]
[Result "0-1"]
[WhiteElo "1894"]
[BlackElo "2016"]
[PlyCount "60"]
[EventDate "2006.10.15"]
[EventType "team"]
[EventRounds "9"]
[EventCountry "FRA"]
[SourceTitle "EXT 2008"]
[Source "ChessBase"]
[SourceDate "2007.11.25"]
[SourceVersion "1"]
[SourceVersionDate "2007.11.25"]
[SourceQuality "1"]
[WhiteTeam "Rennes Paul Bert II"]
[BlackTeam "Cherbourg Octeville"]
[WhiteTeamCountry "FRA"]
[BlackTeamCountry "FRA"]

1. d4 Nf6 2. c4 g6 3. Nc3 Bg7 4. e4 d6 5. f3 0-0 6. Be3 e5 7. d5 Ne8 8. h4 f5 9. Qd2 f4 10. Bf2 Rf7 11. 0-0-0 Na6 12. g3 c5 13. g4 h6 14. Bd3 Bd7 15. Kb1 Nb4 16. Nge2 Rb8 17. a3 Nxd3 18. Qxd3 a6 19. Kc2 b5 20. Rb1 Nc7 21. Rhc1 bxc4 22. Qxc4 Nb5 23. Kd1 Nd4 24. Nxd4 exd4 25. Ne2 Bb5 26. Qa2 Bf6 27. Nxf4 Bxh4 28. Bxh4 Qxh4 29. Ng2 Qf2 30. Rc2 Qxf3+ 0-1

[Event "FRA-chT3 0405"]
[Site "France"]
[Date "2004.11.06"]
[Round "2"]
[White "Crahan, Alan"]
[Black "Dupitier, Mickael"]
[Result "1-0"]
[WhiteElo "1830"]
[BlackElo "1925"]
[PlyCount "39"]
[EventDate "2004.10.10"]
[EventType "team"]
[EventRounds "9"]
[EventCountry "FRA"]
[SourceTitle "EXT 2007"]
[Source "ChessBase"]
[SourceDate "2006.11.23"]
[SourceVersion "1"]
[SourceVersionDate "2006.11.23"]
[SourceQuality "1"]

1. Nf3 Nf6 2. c4 c6 3. Nc3 d5 4. d4 e6 5. Bg5 dxc4 6. a4 Be7 7. e3 Nbd7 8. Bxc4 h6 9. Bh4 0-0 10. Qb3 b6 11. 0-0 Bb7 12. Rfd1 Qc7 13. Bxe6 fxe6 14. Qxe6+ Rf7 15. Ne5 Nxe5 16. dxe5 Bc8 17. Qc4 Nd7 18. e6 Bxh4 19. exf7+ Kf8 20. Qxh4 1-0

[Event "FRA-ch opB"]
[Site "Val d'Isere"]
[Date "2004.08.??"]
[Round "3"]
[White "Dupitier, Mickael"]
[Black "Blot, David"]
[Result "0-1"]
[WhiteElo "1860"]
[BlackElo "1960"]
[PlyCount "68"]
[EventDate "2004.08.16"]
[EventType "swiss"]
[EventRounds "9"]
[EventCountry "FRA"]
[SourceTitle "EXT 2005"]
[Source "ChessBase"]
[SourceDate "2004.11.15"]
[SourceVersion "1"]
[SourceVersionDate "2004.11.15"]
[SourceQuality "1"]

1. d4 Nf6 2. c4 g6 3. Nc3 Bg7 4. e4 d6 5. f3 0-0 6. Be3 Na6 7. Qd2 c5 8. Bd3 cxd4 9. Bxd4 Nc5 10. Bc2 a6 11. Nge2 Qc7 12. Be3 Rb8 13. Rc1 Qa5 14. Nd4 Ne6 15. Nb3 Qh5 16. h4 Nc7 17. Bg5 h6 18. g4 Nxg4 19. fxg4 Qxg4 20. Bd1 Qg3+ 21. Qf2 Qxf2+ 22. Kxf2 hxg5 23. hxg5 b5 24. Nd5 Nxd5 25. cxd5 Bxb2 26. Rc7 e6 27. Na5 exd5 28. exd5 Bf5 29. Nc6 Rbe8 30. Ne7+ Kg7 31. Rh6 Be5 32. Bh5 Bb1 33. Bg4 Rh8 34. Bf5 Bxf5 0-1

[Event "FRA-chT4 0203"]
[Site "Bretagne"]
[Date "2002.12.08"]
[Round "3.8"]
[White "Castel, Efflam"]
[Black "Dupitier, Mickael"]
[Result "1/2-1/2"]
[WhiteElo "1499"]
[BlackElo "1550"]
[PlyCount "88"]
[EventDate "2002.10.??"]
[EventType "team"]
[EventRounds "7"]
[EventCountry "FRA"]
[SourceTitle "EXT 2007"]
[Source "ChessBase"]
[SourceDate "2006.11.23"]
[SourceVersion "1"]
[SourceVersionDate "2006.11.23"]
[SourceQuality "1"]

1. d4 d5 2. f4 Nf6 3. Nf3 Bf5 4. e3 e6 5. Be2 Bd6 6. 0-0 0-0 7. Ne5 h6 8. Nd2 Nbd7 9. Ndf3 c5 10. Bd2 Ne4 11. Be1 Rc8 12. Nh4 Bh7 13. Bg4 cxd4 14. exd4 Nef6 15. c3 Nxg4 16. Qxg4 Nf6 17. Qh3 Qc7 18. Bg3 b5 19. f5 Rce8 20. Rae1 Ne4 21. fxe6 Rxe6 22. Rxf7 Ng5 23. Qxe6 Nxe6 24. Rxc7 Nxc7 25. Nhg6 Re8 26. Nf4 Be4 27. Nfd3 Na6 28. Rf1 Bxd3 29. Nxd3 Bxg3 30. hxg3 Re7 31. Rf5 Nc7 32. Nf4 Rd7 33. Kf2 Rf7 34. Re5 g5 35. Ke3 gxf4+ 36. gxf4 a6 37. g4 Kf8 38. f5 Kg7 39. b3 Kf6 40. Kf4 Rd7 41. Re2 a5 42. Rh2 Rh7 43. Re2 Rh8 44. Rh2 Rh7 1/2-1/2

[Event "Ile et Vilaine-ch"]
[Site "Ile et Vilaine"]
[Date "2002.10.19"]
[Round "1"]
[White "Dupitier, Mickael"]
[Black "Mahe, Romain"]
[Result "0-1"]
[WhiteElo "1550"]
[BlackElo "1780"]
[PlyCount "44"]
[EventDate "2002.10.19"]
[EventType "swiss"]
[EventRounds "7"]
[EventCountry "FRA"]
[SourceTitle "EXT 2008"]
[Source "ChessBase"]
[SourceDate "2007.11.25"]
[SourceVersion "1"]
[SourceVersionDate "2007.11.25"]
[SourceQuality "1"]

1. e4 e5 2. Nf3 Nc6 3. Bb5 a6 4. Bxc6 dxc6 5. 0-0 Bg4 6. d3 Qf6 7. Be3 Ne7 8. Nbd2 Ng6 9. Qe1 Nf4 10. Kh1 0-0-0 11. Ng1 h5 12. f3 Be6 13. Ne2 g5 14. Qf2 h4 15. Bxf4 gxf4 16. Qa7 Rg8 17. d4 exd4 18. e5 Qg5 19. Rg1 Qxe5 20. Ne4 f5 21. Rad1 c5 22. Nxf4 fxe4 0-1